00451nam a2200109Ia 4500008004100000050002300041100003100064245011800095260008600213300002000299521002200319140724s9999 xx 000 0 und d aLJ 121b.R696 2011 aRodriguez, Divina Grace C. aReceptive and expressive skills of children with autism who underwent music therapy /cDivina Grace C. Rodriguez. aLas Piñas, Philippines :bSouthville International School and Colleges,cc2011. a58 p. :c28 cm. aSpecial Education